Largest Cities in Oceania Quiz - Statistics

General Stats
  • This quiz has been taken 70 times
  • The average score is 12 of 20
Answer Stats
Population Country Answer % Correct
4.627m Australia Sydney
100%
4.246m Australia Melbourne
95%
1.896m Australia Perth
95%
381k New Zealand Wellington
95%
417k New Zealand Auckland
89%
2.189m Australia Brisbane
86%
367k Australia Canberra
86%
283k Papua New Guinea Port Moresby
83%
1.225m Australia Adelaide
82%
363k New Zealand Christchurch
77%
591k Australia Gold Coast
72%
216k Australlia Hobart
57%
3088k Australia Newcastle
52%
292k Australia Wollongong
38%
226k Australia Geelong
32%
196k Australia Townsville
31%
207k New Zealand North Shore
5%
362k New Zealand Manukau City
3%
208k New Zealand Waitakere
3%
282k Australia Logan City
0%
No matching quizzes found
Score Distribution
Percent of People with Each Score
Percentile by Number Answered
Your Score History
You have not taken this quiz